<?xml version="1.0" encoding="UTF-8"?>
<record
    xmlns:xsi="http://www.w3.org/2001/XMLSchema-instance"
    xsi:schemaLocation="http://www.loc.gov/MARC21/slim http://www.loc.gov/standards/marcxml/schema/MARC21slim.xsd"
    xmlns="http://www.loc.gov/MARC21/slim">

  <leader>00528nam a2200181   4500</leader>
  <controlfield tag="003">SEACOMMC</controlfield>
  <controlfield tag="005">20250506153421.0</controlfield>
  <controlfield tag="008">250310b        |||||||| |||| 00| 0 eng d</controlfield>
  <datafield tag="020" ind1=" " ind2=" ">
    <subfield code="a">81-8732-888-6</subfield>
    <subfield code="c">Rs.1140.00</subfield>
  </datafield>
  <datafield tag="040" ind1=" " ind2=" ">
    <subfield code="a">SEACOMMC</subfield>
  </datafield>
  <datafield tag="082" ind1=" " ind2=" ">
    <subfield code="a"> 005.369 </subfield>
    <subfield code="b">S 243</subfield>
  </datafield>
  <datafield tag="100" ind1=" " ind2=" ">
    <subfield code="a">Saravanan, N</subfield>
  </datafield>
  <datafield tag="245" ind1="1" ind2=" ">
    <subfield code="a">Fundamentals of Computer with MS office Applications /</subfield>
    <subfield code="c">N. Saravanan [and] D. Shanthi</subfield>
  </datafield>
  <datafield tag="250" ind1=" " ind2=" ">
    <subfield code="a">Reprint ed.</subfield>
  </datafield>
  <datafield tag="260" ind1=" " ind2=" ">
    <subfield code="a"> Hyderabad</subfield>
    <subfield code="b"> Scitech Publications</subfield>
    <subfield code="c">c 2002</subfield>
  </datafield>
  <datafield tag="650" ind1=" " ind2=" ">
    <subfield code="a"> Computer Science</subfield>
  </datafield>
  <datafield tag="942" ind1=" " ind2=" ">
    <subfield code="c">BOOK</subfield>
  </datafield>
  <datafield tag="952" ind1=" " ind2=" ">
    <subfield code="0">0</subfield>
    <subfield code="1">0</subfield>
    <subfield code="2">ddc</subfield>
    <subfield code="4">0</subfield>
    <subfield code="7">0</subfield>
    <subfield code="a">SEACOMMC</subfield>
    <subfield code="b">SEACOMMC</subfield>
    <subfield code="c">REF</subfield>
    <subfield code="d">2009-09-19</subfield>
    <subfield code="l">0</subfield>
    <subfield code="o"> 005.369  S 243</subfield>
    <subfield code="p">M-2478</subfield>
    <subfield code="r">2025-03-10 11:02:44</subfield>
    <subfield code="w">2025-03-10</subfield>
    <subfield code="y">BOOK</subfield>
  </datafield>
  <datafield tag="952" ind1=" " ind2=" ">
    <subfield code="0">0</subfield>
    <subfield code="1">0</subfield>
    <subfield code="2">ddc</subfield>
    <subfield code="4">0</subfield>
    <subfield code="7">0</subfield>
    <subfield code="a">SEACOMMC</subfield>
    <subfield code="b">SEACOMMC</subfield>
    <subfield code="d">2009-09-19</subfield>
    <subfield code="l">0</subfield>
    <subfield code="o"> 005.369  S 243</subfield>
    <subfield code="p">M-2479</subfield>
    <subfield code="r">2025-03-10 11:03:22</subfield>
    <subfield code="t">1</subfield>
    <subfield code="w">2025-03-10</subfield>
    <subfield code="y">BOOK</subfield>
  </datafield>
  <datafield tag="952" ind1=" " ind2=" ">
    <subfield code="0">0</subfield>
    <subfield code="1">0</subfield>
    <subfield code="2">ddc</subfield>
    <subfield code="4">0</subfield>
    <subfield code="7">0</subfield>
    <subfield code="a">SEACOMMC</subfield>
    <subfield code="b">SEACOMMC</subfield>
    <subfield code="d">2009-09-19</subfield>
    <subfield code="l">0</subfield>
    <subfield code="o"> 005.369  S 243</subfield>
    <subfield code="p">M-2480</subfield>
    <subfield code="r">2025-03-10 11:03:22</subfield>
    <subfield code="t">2</subfield>
    <subfield code="w">2025-03-10</subfield>
    <subfield code="y">BOOK</subfield>
  </datafield>
  <datafield tag="952" ind1=" " ind2=" ">
    <subfield code="0">0</subfield>
    <subfield code="1">0</subfield>
    <subfield code="2">ddc</subfield>
    <subfield code="4">0</subfield>
    <subfield code="7">0</subfield>
    <subfield code="a">SEACOMMC</subfield>
    <subfield code="b">SEACOMMC</subfield>
    <subfield code="d">2009-09-19</subfield>
    <subfield code="l">0</subfield>
    <subfield code="o"> 005.369  S 243</subfield>
    <subfield code="p">M-2481</subfield>
    <subfield code="r">2025-03-10 11:03:22</subfield>
    <subfield code="t">3</subfield>
    <subfield code="w">2025-03-10</subfield>
    <subfield code="y">BOOK</subfield>
  </datafield>
  <datafield tag="952" ind1=" " ind2=" ">
    <subfield code="0">0</subfield>
    <subfield code="1">0</subfield>
    <subfield code="2">ddc</subfield>
    <subfield code="4">0</subfield>
    <subfield code="7">0</subfield>
    <subfield code="a">SEACOMMC</subfield>
    <subfield code="b">SEACOMMC</subfield>
    <subfield code="d">2009-09-19</subfield>
    <subfield code="l">0</subfield>
    <subfield code="o"> 005.369  S 243</subfield>
    <subfield code="p">M-2482</subfield>
    <subfield code="r">2025-03-10 11:03:22</subfield>
    <subfield code="t">4</subfield>
    <subfield code="w">2025-03-10</subfield>
    <subfield code="y">BOOK</subfield>
  </datafield>
  <datafield tag="952" ind1=" " ind2=" ">
    <subfield code="0">0</subfield>
    <subfield code="1">0</subfield>
    <subfield code="2">ddc</subfield>
    <subfield code="4">0</subfield>
    <subfield code="7">0</subfield>
    <subfield code="a">SEACOMMC</subfield>
    <subfield code="b">SEACOMMC</subfield>
    <subfield code="d">2009-09-19</subfield>
    <subfield code="l">0</subfield>
    <subfield code="o"> 005.369  S 243</subfield>
    <subfield code="p">M-2483</subfield>
    <subfield code="r">2025-03-10 11:03:22</subfield>
    <subfield code="t">5</subfield>
    <subfield code="w">2025-03-10</subfield>
    <subfield code="y">BOOK</subfield>
  </datafield>
  <datafield tag="999" ind1=" " ind2=" ">
    <subfield code="c">1127</subfield>
    <subfield code="d">1127</subfield>
  </datafield>
</record>
